|
|
|
|
| LEADER |
00000nab a2200000 a 4500 |
| 001 |
vtls000882952 |
| 003 |
SK-MaSNL |
| 005 |
20260304122032.0 |
| 008 |
250429c2004 xo 0 slo |
| 015 |
|
|
|a SNBRB2004/09-26095
|
| 035 |
|
|
|a CLN000234435
|
| 035 |
|
|
|a urn:nbn:sk:snk-abt2h
|
| 035 |
|
|
|a (urnnbn)urn:nbn:sk:snk:ar-a040ls
|
| 035 |
|
|
|a (uuid)1837a3fe-83c3-4277-8715-babc80ad4794
|
| 040 |
|
|
|a SNKBUCL
|b slo
|c SNKBUCL
|e AACR2
|
| 041 |
0 |
|
|a cze
|
| 044 |
|
|
|a xo
|c SK
|
| 080 |
|
|
|a 615.272.4.06:577.161.6
|2 1997
|
| 100 |
1 |
|
|a Langsjoen, Peter. H.
|4 aut
|9 1427598
|
| 245 |
1 |
0 |
|a Klinické použití inhibitorů HMG Co-A-reduktázy (statinů) a jejich interakce s tvorbou koenzymu Q 10
|c Peter. H. Langsjoen
|
| 300 |
|
|
|b Obr.
|
| 650 |
0 |
7 |
|a inhibítory hydroxymetylglutaryl-CoA-reduktázy
|x účinky nežiadúce
|2 MESH
|9 1427599
|
| 650 |
0 |
7 |
|a kombinovaná farmakoterapia
|2 MESH
|9 28987
|
| 650 |
0 |
7 |
|a ubichinón
|x antagonisty a inhibítory
|x účinky liekov
|2 MESH
|9 1427600
|
| 650 |
0 |
7 |
|a kongestívne zlyhanie srdca
|2 MESH
|9 60161
|
| 650 |
0 |
7 |
|a hodnotenie lieku
|2 MESH
|9 840731
|
| 655 |
|
7 |
|a články z novín a časopisov
|2 snkbucl
|9 267496
|
| 773 |
0 |
|
|t Lekárnické listy
|g Roč. 6, č. 6 (2004), s. 24-25
|x 1335-5821
|
| 850 |
|
|
|a Slovenská národná knižnica
|
| 852 |
|
|
|a Slovenská národná knižnica
|
| 954 |
|
|
|a odborná, vedecká literatúra cudzojazyčná (svetová)
|2 lita
|
| 954 |
|
|
|a odborná, vedecká literatúra pôvodná (slovenská)
|2 lita
|
| 958 |
|
|
|a article27
|
| 958 |
|
|
|a OND
|
| 958 |
|
|
|a MI
|
| 958 |
|
|
|a EUIPO
|
| 992 |
|
|
|a RBX
|
| 999 |
|
|
|c 2887913
|d 2889843
|